000
00258nam a22001217a 4500
003
SGT
082
_a
616.5
_b
C03M
100
_a
MACKIE, RONA M.
245
_a
CLINICAL DERMATOLOGY
260
_a
NEW YORK
_b
OXFORD
_c
2003
300
_a
371
942
_2
ddc
_c
BK
_0
1
999
_c
14878
_d
14878